Library Banner

Meri zuban mera qalam/ (Record no. 103396)

MARC details
000 -LEADER
fixed length control field 00417nam a22001457a 4500
005 - DATE AND TIME OF LATEST TRANSACTION
control field 20180216104842.0
008 - FIXED-LENGTH DATA ELEMENTS--GENERAL INFORMATION
fixed length control field 180216b xxu||||| |||| 00| 0 eng d
040 ## - CATALOGING SOURCE
Transcribing agency PK-LaUMT
082 ## - DEWEY DECIMAL CLASSIFICATION NUMBER
Classification number PKAC 070.44
Item number KAL-M
100 ## - MAIN ENTRY--PERSONAL NAME
Personal name Kaleem Ahmed Ajiz
245 ## - TITLE STATEMENT
Title Meri zuban mera qalam/
Statement of responsibility, etc Kaleem Ahmed Ajiz
260 ## - PUBLICATION, DISTRIBUTION, ETC. (IMPRINT)
Place of publication, distribution, etc پٹنہ
Name of publisher, distributor, etc خدا بخش اورینٹل پبلک لائبریری
Date of publication, distribution, etc 2005
300 ## - PHYSICAL DESCRIPTION
Extent 471
942 ## - ADDED ENTRY ELEMENTS (KOHA)
Koha item type Books
Holdings
Withdrawn status Lost status Damaged status Home library Current library Date acquired Full call number Barcode Date last seen Price effective from Koha item type
      UMT Main Campus UMT Main Campus 2018-02-16 PKAC 070.44 KAL-M 119579 2018-02-16 2018-02-16 Books